LEADER 00845nam a2200229 i 4500 001 000000212291 003 CaOOAMICUS 005 20120404000000.0 008 120404s1772 it u000 u ita u 013 $a191122 026 $an-e- e.a- i,er fise (3) 1772 (R) 040 $aSeMil$bita 100 0 $aPlutarchus ,$d<46-120>.$0(OLS)http://semarc/name/1118 245 10$aTomo 1. 300 $a[28], 511, [1] p. 500 $aSegn. : a-b4 c6 A-3S4. 773 0 $aPlutarchus <46-120>$tVite di Plutarco volgarizzate da Girolamo Pompei gentiluomo veronese ... Tomo 1. [5.].$dIn Verona : Nella stamperia Moroni, 1772-1773.$g1$w()26567 850 $aSeMil 852 $aSeMil$W1$xVenegono$y1$m1Y V 9 FA$j162725$B162725$CSeMilBibl$Z2$F173923 $8I 900 0 $aPlutarco. 996 $6245$aTomo 1$9(OLS)http://semarc/title/46685 LEADER 01184nam a2200253 i 4500 001 000000116260 003 CaOOAMICUS 005 20090805000000.0 008 090805s1991 it u000 u ita u 013 $a88949 040 $aSeMil$bita 100 1 $aBelotti, Giuseppe.$0(OLS)http://semarc/name/28761 245 12$aI gravi problemi del duemila nell'enciclica Centesimus Annus /$cGiuseppe Belotti. 260 $aTrescore Balneario :$bEditrice San Marco,$cstampa 1991. 300 $a175 p. ;$c24 cm. 500 $aFondo Card. C.M. Martini. 650 4$aGiovanni Paolo II - Encicliche . Centesimus annus - Commenti.$0(OLS)http://semarc/subject/12134 650 4$aGiovanni Paolo II - Encicliche - Commentari e studi.$0(OLS)http://semarc/subject/16833 850 $aSeMil 852 $aSeMil$W1$xVenegono$y1$m2A IV 66$j71739$B71739$CSeMilBibl$Z2$F90465 $81 941 1 $a4 961 $aOmaggio: Martini Card. Carlo Maria 996 $6245$aI gravi problemi del duemila nell'enciclica Centesimus Annus$9(OLS)http://semarc/title/170487 996 $6260$aTrescore Balneario :$bEditrice San Marco$9(OLS)http://semarc/publisher/36053